[Event "Lloyds Bank Masters 08th"]
[Site "London, Park Lane Hotel"]
[Date "1984.08.28"]
[Round "7"]
[White "Hawksworth, John C"]
[Black "Reefschlaeger, Helmut"]
[Result "1/2-1/2"]
[WhiteElo "2340"]
[BlackElo "2410"]
[PlyCount "63"]
[EventDate "1984.08.22"]
[EventType "swiss"]
[EventRounds "9"]
[EventCountry "ENG"]
[SourceTitle "BritBase"]
[Source "John Saunders"]
[SourceDate "2021.06.18"]
[SourceVersion "1"]
[SourceVersionDate "2021.06.18"]
[SourceQuality "2"]

1. e4 e6 2. d4 d5 3. Nc3 Nc6 4. Nf3 Nf6 5. Bg5 Be7 6. e5 Ne4 7. Bxe7 Qxe7 8. a3
Nxc3 9. bxc3 Na5 10. Bd3 Bd7 11. O-O c5 12. Re1 O-O-O 13. Qd2 Kb8 14. Qg5 Qf8
15. Qf4 h6 16. h4 Qe7 17. h5 c4 18. Bf1 Ba4 19. Ra2 Nc6 20. g3 Rd7 21. Bh3 a6
22. Qg4 Rg8 23. Nh4 Qd8 24. f4 Qa5 25. Re3 Qb6 26. Qd1 Re7 27. f5 exf5 28. Nxf5
Ree8 29. Qc1 Nd8 30. Nd6 Ref8 31. Rb2 Qc7 32. Qd1 1/2-1/2

[Event "Lloyds Bank Masters 08th"]
[Site "London, Park Lane Hotel"]
[Date "1984.08.28"]
[Round "7"]
[White "Kudrin, Sergey"]
[Black "Spassky, Boris Vasilievich"]
[Result "1/2-1/2"]
[WhiteElo "2550"]
[BlackElo "2590"]
[PlyCount "23"]
[EventDate "1984.08.22"]
[EventType "swiss"]
[EventRounds "9"]
[EventCountry "ENG"]
[SourceTitle "BritBase"]
[Source "John Saunders"]
[SourceDate "2021.06.18"]
[SourceVersion "1"]
[SourceVersionDate "2021.06.18"]
[SourceQuality "2"]

1. e4 e5 2. Nf3 Nc6 3. Bc4 Nf6 4. d3 Bc5 5. c3 d6 6. O-O O-O 7. Nbd2 a6 8. Bb3
d5 9. exd5 Nxd5 10. Ne4 Ba7 11. Re1 Kh8 12. Ng3 1/2-1/2

[Event "Lloyds Bank Masters 08th"]
[Site "London, Park Lane Hotel"]
[Date "1984.08.28"]
[Round "7"]
[White "Lawton, Geoffrey W"]
[Black "Jacobs, Byron A"]
[Result "0-1"]
[WhiteElo "2385"]
[BlackElo "2280"]
[PlyCount "80"]
[EventDate "1984.08.22"]
[EventType "swiss"]
[EventRounds "9"]
[EventCountry "ENG"]
[SourceTitle "BritBase"]
[Source "John Saunders"]
[SourceDate "2021.06.18"]
[SourceVersion "1"]
[SourceVersionDate "2021.06.18"]
[SourceQuality "2"]

1. e4 e5 2. Nf3 Nc6 3. Bb5 a6 4. Ba4 Nf6 5. O-O b5 6. Bb3 Bb7 7. Re1 Bc5 8. c3
d6 9. a4 h6 10. d4 Bb6 11. Qd3 O-O 12. Nbd2 Re8 13. axb5 axb5 14. Rxa8 Qxa8 15.
Qxb5 exd4 16. cxd4 Qa7 17. Kh1 Nxd4 18. Nxd4 Bxd4 19. f3 d5 20. Rd1 dxe4 21.
Nxe4 Bxe4 22. fxe4 Rxe4 23. Qf5 c5 24. Bc2 Re8 25. b3 Qb7 26. Bd2 Re2 27. Qh3
Ne4 28. Bxe4 Qxe4 29. Ba5 g5 30. Qf3 Qxf3 31. gxf3 Re3 32. b4 Bc3 33. Kg2 Re2+
34. Kg3 cxb4 35. Rb1 Be5+ 36. Kg4 Rxh2 37. Rxb4 Kg7 38. Kf5 Bc3 39. Rb5 Bxa5
40. Rxa5 Rh4 0-1

[Event "Lloyds Bank Masters 08th"]
[Site "London, Park Lane Hotel"]
[Date "1984.08.28"]
[Round "7"]
[White "Martin, Andrew D"]
[Black "Savage, Allan George"]
[Result "1-0"]
[WhiteElo "2445"]
[BlackElo "2315"]
[PlyCount "103"]
[EventDate "1984.08.22"]
[EventType "swiss"]
[EventRounds "9"]
[EventCountry "ENG"]
[SourceTitle "BritBase"]
[Source "John Saunders"]
[SourceDate "2021.06.18"]
[SourceVersion "1"]
[SourceVersionDate "2021.06.18"]
[SourceQuality "2"]

1. e4 Nc6 2. Nf3 Nf6 3. e5 Nd5 4. d4 d6 5. c4 Nb6 6. exd6 exd6 7. Be3 Be7 8.
Be2 O-O 9. O-O Bg4 10. b3 d5 11. c5 Nc8 12. Nc3 Bf6 13. h3 Be6 14. Qd2 h6 15.
Nh2 N8e7 16. f4 Nf5 17. Nf3 Ng3 18. Rfd1 Ne7 19. Bd3 Bf5 20. Rac1 c6 21. b4 Ne4
22. Qc2 Nxc3 23. Qxc3 Be4 24. Be2 h5 25. g4 g6 26. a4 Qd7 27. Ne5 Qe6 28. Qe1
Bxe5 29. fxe5 hxg4 30. hxg4 f6 31. exf6 Qxf6 32. Qg3 Qh8 33. Qh2 Qxh2+ 34. Kxh2
Kg7 35. Kg3 g5 36. Bxg5 Ng6 37. Rf1 Rae8 38. Rxf8 Rxf8 39. b5 Rf7 40. Rc3 Ne7
41. b6 a6 42. Bxa6 bxa6 43. b7 Nf5+ 44. gxf5 Rxb7 45. Kf4 Rb4 46. Ke5 Rb8 47.
Be7 Kf7 48. f6 Rb4 49. Rg3 Bg6 50. a5 Ra4 51. Rb3 Ra1 52. Kd6 1-0

[Event "Lloyds Bank Masters 08th"]
[Site "London, Park Lane Hotel"]
[Date "1984.08.28"]
[Round "7"]
[White "Miles, Anthony John"]
[Black "Hartston, William Roland"]
[Result "1-0"]
[WhiteElo "2565"]
[BlackElo "2440"]
[PlyCount "77"]
[EventDate "1984.08.22"]
[EventType "swiss"]
[EventRounds "9"]
[EventCountry "ENG"]
[SourceTitle "BritBase"]
[Source "John Saunders"]
[SourceDate "2021.06.18"]
[SourceVersion "1"]
[SourceVersionDate "2021.06.18"]
[SourceQuality "2"]

1. d4 Nf6 2. c4 c5 3. d5 g6 4. Nc3 d6 5. e4 Bg7 6. Be2 O-O 7. Bg5 a6 8. Qd2 Qa5
9. f3 e6 10. Bh6 exd5 11. cxd5 Nbd7 12. h4 b5 13. h5 Ra7 14. Bxg7 Kxg7 15. Qf4
Qb6 16. g4 c4 17. Nh3 b4 18. Nd1 Qd4 19. Qe3 Qxe3 20. Nxe3 Ne5 21. h6+ Kg8 22.
Rc1 Rc7 23. Kd2 Re8 24. Nf2 g5 25. Nxc4 Nxc4+ 26. Bxc4 Kf8 27. Nh3 Re5 28. Be2
Rxc1 29. Rxc1 Bxg4 30. fxg4 Nxe4+ 31. Ke1 Ng3 32. Ng1 Nxe2 33. Nxe2 Re4 34. Kf2
Rxg4 35. Rg1 Rxg1 36. Kxg1 Ke7 37. Ng3 Kf6 38. Ne4+ Kg6 39. Nxd6 1-0

[Event "Lloyds Bank Masters 08th"]
[Site "London, Park Lane Hotel"]
[Date "1984.08.28"]
[Round "7"]
[White "Norgaard, Jesper"]
[Black "Unni, Vasanti"]
[Result "0-1"]
[WhiteElo "2315"]
[BlackElo "1970"]
[PlyCount "26"]
[EventDate "1984.08.22"]
[EventType "swiss"]
[EventRounds "9"]
[EventCountry "ENG"]
[SourceTitle "BritBase"]
[Source "John Saunders"]
[SourceDate "2021.06.18"]
[SourceVersion "1"]
[SourceVersionDate "2021.06.18"]
[SourceQuality "2"]

1. e4 e5 2. Nf3 Nc6 3. Bb5 Bc5 4. c3 f5 5. Bxc6 dxc6 6. Nxe5 Bd6 7. d4 fxe4 8.
Qh5+ g6 9. Nxg6 $2 Nf6 10. Qh4 Rg8 11. Ne5 Bxe5 12. dxe5 Qd3 13. exf6 Bg4 0-1

[Event "Lloyds Bank Masters 08th"]
[Site "London, Park Lane Hotel"]
[Date "1984.08.28"]
[Round "7"]
[White "Ravikumar, Vaidyanathan"]
[Black "Levitt, Jonathan"]
[Result "1-0"]
[WhiteElo "2385"]
[BlackElo "2370"]
[PlyCount "76"]
[EventDate "1984.08.22"]
[EventType "swiss"]
[EventRounds "9"]
[EventCountry "ENG"]
[SourceTitle "BritBase"]
[Source "John Saunders"]
[SourceDate "2021.06.18"]
[SourceVersion "1"]
[SourceVersionDate "2021.06.18"]
[SourceQuality "2"]

1. d4 Nf6 2. c4 e6 3. Nc3 Bb4 4. a3 Bxc3+ 5. bxc3 c5 6. e3 O-O 7. Bd3 Nc6 8.
Ne2 b6 9. e4 Ne8 10. Be3 d6 11. O-O Ba6 12. Ng3 Rc8 13. Qe2 cxd4 14. cxd4 Na5
15. Rac1 Qd7 16. e5 d5 17. cxd5 Bxd3 18. Qxd3 Rxc1 19. Rxc1 exd5 20. Bd2 Nc6
21. Qb5 Nxe5 22. Qxd7 Nxd7 23. Bb4 g6 24. Rc8 a5 25. Bxf8 Kxf8 26. Ne2 Ke7 27.
Nc3 Nef6 28. f3 Nf8 29. Rc7+ N6d7 30. Nb5 Ne6 31. Rc6 Nd8 32. Rd6 f6 33. a4 Nb7
34. Rc6 Nd8 35. Rc8 h5 36. Kf2 Ne6 37. Ke3 Ndf8 38. Rc6 Nd7 1-0

[Event "Lloyds Bank Masters 08th"]
[Site "London, Park Lane Hotel"]
[Date "1984.08.28"]
[Round "7"]
[White "Savereide, Diane"]
[Black "Garcia Olasagasti, Leontxo"]
[Result "1-0"]
[WhiteElo "2230"]
[BlackElo "2280"]
[PlyCount "75"]
[EventDate "1984.08.22"]
[EventType "swiss"]
[EventRounds "9"]
[EventCountry "ENG"]
[SourceTitle "BritBase"]
[Source "John Saunders"]
[SourceDate "2021.06.18"]
[SourceVersion "1"]
[SourceVersionDate "2021.06.18"]
[SourceQuality "2"]

1. e4 c5 2. Nf3 Nf6 3. e5 Nd5 4. c3 Nc6 5. d4 cxd4 6. cxd4 d6 7. Bc4 Nb6 8.
Bxf7+ Kxf7 9. Ng5+ Kg8 10. e6 Nd5 11. O-O Qe8 12. Qf3 Nf6 13. d5 Ne5 14. Qb3 b5
15. f4 Nc4 16. Nc3 Nb6 17. Be3 Bb7 18. Bxb6 axb6 19. Rfd1 h6 20. Nf7 Rh7 21. f5
Rc8 22. Rd4 Rc5 23. Rad1 Nd7 24. Ne4 Ne5 25. Nxe5 dxe5 26. Rb4 Rc4 27. Rxc4
bxc4 28. Qxb6 Qa4 29. Nc3 Qa6 30. Qc7 g6 31. Qxe5 gxf5 32. Qxf5 h5 33. Rf1 Qa8
34. Rf4 Bg7 35. Rxc4 Bxc3 36. Rxc3 Bxd5 37. Rg3+ Rg7 38. Qf7+ 1-0

[Event "Lloyds Bank Masters 08th"]
[Site "London, Park Lane Hotel"]
[Date "1984.08.28"]
[Round "7"]
[White "Sedgwick, David"]
[Black "Hepworth, Mandy"]
[Result "0-1"]
[WhiteElo "2025"]
[BlackElo "1865"]
[PlyCount "58"]
[EventDate "1984.08.22"]
[EventType "swiss"]
[EventRounds "9"]
[EventCountry "ENG"]
[SourceTitle "BritBase"]
[Source "John Saunders"]
[SourceDate "2021.06.18"]
[SourceVersion "1"]
[SourceVersionDate "2021.06.18"]
[SourceQuality "2"]

1. e4 c5 2. c3 Nf6 3. e5 Nd5 4. d4 cxd4 5. cxd4 Nc6 6. Nf3 d6 7. exd6 Qxd6 8.
Nc3 Bf5 9. a3 e6 10. Qb3 Nb6 $15 11. Be3 Be7 12. Be2 O-O 13. O-O Bf6 14. Rad1
Rfd8 15. d5 Nxd5 16. Nxd5 exd5 $17 17. Qb5 a6 18. Qb6 d4 $19 19. Bc1 d3 20.
Rfe1 Bd4 $1 21. Nxd4 dxe2 22. Rxe2 Nxd4 $1 23. Re8+ Rxe8 24. Qxd6 Rad8 25. Bf4
Rxd6 26. Bxd6 Bc2 27. Ra1 Nb3 28. Rf1 Re2 29. Bb4 h6 0-1

[Event "Lloyds Bank Masters 08th"]
[Site "London, Park Lane Hotel"]
[Date "1984.08.28"]
[Round "7"]
[White "Strauss, David J"]
[Black "Rechlis, Gad"]
[Result "1-0"]
[WhiteElo "2425"]
[BlackElo "2305"]
[PlyCount "86"]
[EventDate "1984.08.22"]
[EventType "swiss"]
[EventRounds "9"]
[EventCountry "ENG"]
[SourceTitle "BritBase"]
[Source "John Saunders"]
[SourceDate "2021.06.18"]
[SourceVersion "1"]
[SourceVersionDate "2021.06.18"]
[SourceQuality "2"]

1. Nf3 c5 2. c4 Nc6 3. Nc3 g6 4. e3 Bg7 5. d4 d6 6. d5 Ne5 7. Nxe5 Bxe5 8. Bd3
e6 9. e4 Bg7 10. O-O Ne7 11. dxe6 fxe6 12. Bg5 O-O 13. Qd2 Qd7 14. Bc2 Nc6 15.
Ba4 a6 16. Bh6 Bxh6 17. Qxh6 b5 18. cxb5 Nd4 19. bxa6 Qf7 20. f3 Rxa6 21. Qd2
e5 22. b3 Be6 23. Ne2 Bc4 24. Nxd4 Bxf1 25. Bc6 Kh8 26. Bd5 Qe7 27. Ne6 Rf6 28.
Rxf1 Rxe6 29. Bxe6 Qxe6 30. Rc1 Kg7 31. h3 Qf7 32. Rc2 h5 33. b4 cxb4 34. Qxb4
Rxa2 35. Rxa2 Qxa2 36. Qxd6 Qa1+ 37. Kh2 Qa5 38. Qe7+ Kg8 39. Qg5 Kh7 40. f4
Qe1 41. f5 Qxe4 42. Qxg6+ Kh8 43. Qxh5+ Kg8 1-0

[Event "Lloyds Bank Masters 08th"]
[Site "London, Park Lane Hotel"]
[Date "1984.08.28"]
[Round "7"]
[White "Thomas, Ian L"]
[Black "Hebden, Mark L"]
[Result "1-0"]
[WhiteElo "2115"]
[BlackElo "2480"]
[PlyCount "79"]
[EventDate "1984.08.22"]
[EventType "swiss"]
[EventRounds "9"]
[EventCountry "ENG"]
[SourceTitle "BritBase"]
[Source "John Saunders"]
[SourceDate "2021.06.18"]
[SourceVersion "1"]
[SourceVersionDate "2021.06.18"]
[SourceQuality "2"]

1. e4 e5 2. Bc4 Nf6 3. d3 Nc6 4. Nf3 Be7 5. O-O O-O 6. c3 d6 7. h3 Na5 8. Bb5
a6 9. Ba4 b5 10. Bc2 c5 11. d4 Qc7 12. b3 cxd4 13. cxd4 Nc6 14. a3 exd4 15. Bb2
d5 16. Nbd2 dxe4 17. Nxe4 Rd8 18. Re1 Bb7 19. Rc1 Qd7 20. Qd3 g6 21. Rcd1 Rac8
22. b4 Nxe4 23. Rxe4 Bf6 24. Bb3 Qd6 25. Rg4 Rc7 26. Re1 Re7 27. Rxe7 Qxe7 28.
Bc1 Kg7 29. Qd2 Ne5 30. Qh6+ Kh8 31. Nxe5 Qxe5 32. Bxf7 Qe1+ 33. Kh2 Qxf2 34.
Bf4 Qe2 35. Bxg6 Qe7 36. Bxh7 Bg7 37. Qh5 Rd6 38. Bf5+ Kg8 39. Qh7+ Kf8 40.
Rxg7 1-0

[Event "Lloyds Bank Masters 08th"]
[Site "London, Park Lane Hotel"]
[Date "1984.08.28"]
[Round "7"]
[White "Wells, Peter K"]
[Black "Dunnington, Angus J"]
[Result "1-0"]
[WhiteElo "2350"]
[BlackElo "2325"]
[PlyCount "153"]
[EventDate "1984.08.22"]
[EventType "swiss"]
[EventRounds "9"]
[EventCountry "ENG"]
[SourceTitle "BritBase"]
[Source "John Saunders"]
[SourceDate "2021.06.18"]
[SourceVersion "1"]
[SourceVersionDate "2021.06.18"]
[SourceQuality "2"]

1. d4 d5 2. Nf3 c6 3. c4 e6 4. Nc3 Nf6 5. Bg5 h6 6. Bxf6 Qxf6 7. e3 Nd7 8. Bd3
Bb4 9. O-O Bxc3 10. bxc3 dxc4 11. Bxc4 O-O 12. a4 a5 13. Rb1 e5 14. Qb3 Rb8 15.
Qa3 Re8 16. Rfe1 e4 17. Nd2 Qg6 18. Bf1 b6 19. Rb2 c5 20. Reb1 cxd4 21. cxd4
Bb7 22. g3 Qe6 23. Rc1 Rec8 24. Rbc2 Rxc2 25. Rxc2 Nf6 26. Rc7 Nd5 27. Bc4 Ba6
28. Bb3 Rc8 29. Rxc8+ Bxc8 30. Qc1 Bb7 31. Qc2 f5 32. Nc4 Qc6 33. Qd1 Kh7 34.
Ne5 Qe8 35. Qc1 Qe7 36. Bxd5 Bxd5 37. Qc8 Be6 38. Qc6 Bb3 39. Qxb6 Bxa4 40.
Qg6+ Kg8 41. Qxf5 Be8 42. Qxe4 a4 43. Qa8 Kh7 44. Nc4 Bb5 45. Qd5 Bxc4 46. Qxc4
a3 47. Qa4 g5 48. h3 h5 49. Qa5 Kg6 50. d5 Kf7 51. Kf1 h4 52. gxh4 gxh4 53. Ke2
Qd6 54. Kd1 Qd7 55. Qxa3 Qxh3 56. Qa7+ Kg6 57. Qa6+ Kh5 58. d6 Qh1+ 59. Ke2 Qd5
60. Qd3 Qa2+ 61. Kf3 Qf7+ 62. Kg2 Qb7+ 63. e4 Qg7+ 64. Kf1 Qa1+ 65. Kg2 Qg7+
66. Kh2 Qe5+ 67. Kh3 Qe6+ 68. Kg2 Qg4+ 69. Kh1 h3 70. Qg3 Qxe4+ 71. Kh2 Qd4 72.
d7 Qd2 73. Qxh3+ Kg6 74. Qe6+ Kh5 75. Qf5+ Kh4 76. Qh3+ Kg5 77. Qe3+ 1-0

[Event "Lloyds Bank Masters 08th"]
[Site "London, Park Lane Hotel"]
[Date "1984.08.29"]
[Round "8"]
[White "Anand, Viswanathan"]
[Black "Wells, Peter K"]
[Result "1/2-1/2"]
[WhiteElo "2345"]
[BlackElo "2350"]
[PlyCount "46"]
[EventDate "1984.08.22"]
[EventType "swiss"]
[EventRounds "9"]
[EventCountry "ENG"]
[SourceTitle "BritBase"]
[Source "John Saunders"]
[SourceDate "2020.09.07"]
[SourceVersion "1"]
[SourceVersionDate "2020.09.07"]
[SourceQuality "2"]

1. e4 c6 2. d4 d5 3. Nc3 dxe4 4. Nxe4 Nd7 5. Nf3 Ngf6 6. Ng3 e6 7. Bd3 c5 8.
O-O cxd4 9. Nxd4 Bc5 10. Nf3 O-O 11. Qe2 b6 12. Ne4 Be7 13. Bf4 Bb7 14. Rad1
Nxe4 15. Bxe4 Bxe4 16. Qxe4 Qc8 17. c3 Nf6 18. Qe2 Qb7 19. Nd4 g6 20. Rfe1 Rfd8
21. a3 b5 22. h3 Rac8 23. Bg3 Rd5 {(Last move given as Nd5 in Big Database
2020 but the bulletin shows the text move, which defends the b5-pawn -
correction submitted by Andy Ansel, 19 June 2021)} 1/2-1/2

[Event "Lloyds Bank Masters 08th"]
[Site "London, Park Lane Hotel"]
[Date "1984.08.29"]
[Round "8"]
[White "Crawley, Gavin"]
[Black "Rohde, Michael A"]
[Result "1/2-1/2"]
[WhiteElo "2300"]
[BlackElo "2420"]
[PlyCount "91"]
[EventDate "1984.08.22"]
[EventType "swiss"]
[EventRounds "9"]
[EventCountry "ENG"]
[SourceTitle "BritBase"]
[Source "John Saunders"]
[SourceDate "2021.06.18"]
[SourceVersion "1"]
[SourceVersionDate "2021.06.18"]
[SourceQuality "2"]

{This game was given in the bulletin but ranks as possibly the most garbled
score I have ever seen in a bulletin! If I have correctly interpreted the
moves, it will be a minor miracle (JS)...} 1. e4 c5 2. Nc3 Nc6 3. f4 e6 4. Nf3
Nge7 5. d4 cxd4 6. Nxd4 Nxd4 7. Qxd4 Nc6 8. Qd3 Bc5 9. e5 d5 10. Bd2 O-O 11.
O-O-O Bd7 12. g4 {('c4')} b5 13. g5 {('Qc5')} Rc8 14. h4 Nb4 15. Qh3 Be7 16.
Kb1 {('Nb1')} Nxc2 17. Bd3 Nb4 18. Bxh7+ Kxh7 19. h5 Rh8 20. g6+ fxg6 21. Qg4
g5 22. fxg5 g6 {('f6')} 23. hxg6+ Kg7 24. Rh6 Qf8 25. Rdh1 Qf5+ 26. Qxf5 exf5
27. Rh7+ Rxh7 28. Rxh7+ Kf8 29. a3 d4 30. g7+ {('g4')} Kg8 31. g6 dxc3 32. bxc3
f4 33. axb4 {('a6')} Bf5+ 34. Kb2 {('Nb2')} Rd8 35. Bxf4 Bxg6 36. Rh1 {('Ra1')}
Kxg7 {('Rf8')} 37. Ra1 Rf8 38. Be3 Rf3 39. Bd4 Rg3 40. Rxa7 Rg2+ {('Rc2')} 41.
Kb3 Kf8 42. c4 Rg4 {('Rg6')} 43. Bc5 Rg3+ {('Rc3')} 44. Ka2 Bxc5 {('bc')} 45.
bxc5 {('bc')} bxc4 46. c6 {Bulletin} 1/2-1/2

[Event "Lloyds Bank Masters 08th"]
[Site "London, Park Lane Hotel"]
[Date "1984.08.29"]
[Round "8"]
[White "Gallagher, Joseph G"]
[Black "Strauss, David J"]
[Result "1/2-1/2"]
[WhiteElo "2295"]
[BlackElo "2425"]
[PlyCount "39"]
[EventDate "1984.08.22"]
[EventType "swiss"]
[EventRounds "9"]
[EventCountry "ENG"]
[SourceTitle "BritBase"]
[Source "John Saunders"]
[SourceDate "2021.06.18"]
[SourceVersion "1"]
[SourceVersionDate "2021.06.18"]
[SourceQuality "2"]

1. e4 c5 2. Nf3 Nc6 3. d4 cxd4 4. Nxd4 Nf6 5. Nc3 d6 6. Bg5 e6 7. Qd2 Be7 8.
O-O-O O-O 9. f4 Nxd4 10. Qxd4 Qa5 11. Kb1 h6 12. Bh4 e5 13. Qf2 exf4 14. Nd5
Nxd5 15. Rxd5 Bxh4 16. Qxh4 Qb4 17. Qxf4 Qe1+ 18. Qc1 Qxe4 19. Rxd6 Bf5 20. Qd2
1/2-1/2

[Event "Lloyds Bank Masters 08th"]
[Site "London, Park Lane Hotel"]
[Date "1984.08.29"]
[Round "8"]
[White "Hansson, Dan"]
[Black "Jacobs, Byron A"]
[Result "1/2-1/2"]
[WhiteElo "2305"]
[BlackElo "2280"]
[PlyCount "83"]
[EventDate "1984.08.22"]
[EventType "swiss"]
[EventRounds "9"]
[EventCountry "ENG"]
[SourceTitle "BritBase"]
[Source "John Saunders"]
[SourceDate "2021.06.18"]
[SourceVersion "1"]
[SourceVersionDate "2021.06.18"]
[SourceQuality "2"]

1. e4 e5 2. Nf3 Nc6 3. Bb5 a6 4. Ba4 Nf6 5. O-O b5 6. Bb3 Bb7 7. c3 Nxe4 8. d4
Na5 9. Bc2 exd4 10. Re1 d5 11. cxd4 Be7 12. Nc3 O-O 13. Nxe4 dxe4 14. Bxe4 Bxe4
15. Rxe4 Nc4 16. Qe2 Bf6 17. Bf4 Nd6 18. Re3 Nf5 19. Rd3 Nxd4 20. Nxd4 Bxd4 21.
Qd2 c5 22. Be5 Bxe5 23. Rxd8 Raxd8 24. Qc2 c4 25. Re1 Bf6 26. g3 Rd3 27. b3 Rd4
28. bxc4 Rxc4 29. Qd3 Rd4 30. Qc2 Rc4 31. Qf5 Rfc8 32. Re2 h6 33. Qd7 g6 34.
Qb7 R4c6 35. Kg2 Kg7 36. Re1 R8c7 37. Qa8 Rc8 38. Qb7 R8c7 39. Qb8 Rc8 40. Qa7
R8c7 41. Qb8 Rc8 42. Qb7 1/2-1/2

[Event "Lloyds Bank Masters 08th"]
[Site "London, Park Lane Hotel"]
[Date "1984.08.29"]
[Round "8"]
[White "Hartston, William Roland"]
[Black "Fernandes, Antonio ETG"]
[Result "1/2-1/2"]
[WhiteElo "2440"]
[BlackElo "2400"]
[PlyCount "48"]
[EventDate "1984.08.22"]
[EventType "swiss"]
[EventRounds "9"]
[EventCountry "ENG"]
[SourceTitle "BritBase"]
[Source "John Saunders"]
[SourceDate "2021.06.18"]
[SourceVersion "1"]
[SourceVersionDate "2021.06.18"]
[SourceQuality "2"]

1. e4 e5 2. Bc4 Bc5 3. Nc3 Nf6 4. d3 h6 5. f4 d6 6. Nf3 Nc6 7. Na4 Bb6 8. Nxb6
axb6 9. fxe5 dxe5 10. a3 Qe7 11. Be3 Bd7 12. Qe2 O-O 13. O-O Ng4 14. Bc1 b5 15.
Ba2 b4 16. h3 Nf6 17. Qf2 Be6 18. Bxe6 Qxe6 19. Nh4 Ne7 20. b3 Ra6 21. Bb2 bxa3
22. Rxa3 Rfa8 23. Rfa1 Nd7 24. Qd2 Qd6 1/2-1/2

[Event "Lloyds Bank Masters 08th"]
[Site "London, Park Lane Hotel"]
[Date "1984.08.29"]
[Round "8"]
[White "Lawton, Geoffrey W"]
[Black "Nicholson, John G"]
[Result "0-1"]
[WhiteElo "2385"]
[BlackElo "2295"]
[PlyCount "48"]
[EventDate "1984.08.22"]
[EventType "swiss"]
[EventRounds "9"]
[EventCountry "ENG"]
[SourceTitle "BritBase"]
[Source "John Saunders"]
[SourceDate "2021.06.18"]
[SourceVersion "1"]
[SourceVersionDate "2021.06.18"]
[SourceQuality "2"]

1. d4 Nf6 2. c4 c5 3. d5 b5 4. cxb5 a6 5. bxa6 Bxa6 6. Nc3 g6 7. g3 d6 8. Bg2
Bg7 9. Nf3 Nbd7 10. O-O Nb6 11. Re1 O-O 12. e4 Nfd7 13. Qc2 Nc4 14. b3 Qa5 15.
Nd1 Bxa1 16. bxc4 Bg7 17. Bd2 Qb6 18. Re3 Ne5 19. Rb3 Qc7 20. Ne3 Bc8 21. Bc1
Qa5 22. a3 Bd7 23. Bd2 Qa7 24. Qb1 Rfb8 0-1

[Event "Lloyds Bank Masters 08th"]
[Site "London, Park Lane Hotel"]
[Date "1984.08.29"]
[Round "8"]
[White "Martin, Andrew D"]
[Black "Huenerkopf, Heinz"]
[Result "0-1"]
[WhiteElo "2445"]
[BlackElo "2255"]
[PlyCount "60"]
[EventDate "1984.08.22"]
[EventType "swiss"]
[EventRounds "9"]
[EventCountry "ENG"]
[SourceTitle "BritBase"]
[Source "John Saunders"]
[SourceDate "2021.06.18"]
[SourceVersion "1"]
[SourceVersionDate "2021.06.18"]
[SourceQuality "2"]

1. e4 c5 2. Ne2 d6 3. d4 cxd4 4. Nxd4 Nf6 5. Nc3 a6 6. Bg5 e6 7. f4 Qb6 8. Qd2
Qxb2 9. Rb1 Qa3 10. e5 dxe5 11. fxe5 Nfd7 12. Ne4 h6 13. Bb5 hxg5 14. Rb3 Qxa2
15. Qc3 axb5 16. Qxc8+ Ke7 17. Nd6 Nc6 18. O-O Ncxe5 19. Qc7 Qa7 20. Re3 f6 21.
Rd1 Qc5 22. Qxb7 Re8 23. N6f5+ exf5 24. Nxf5+ Kf7 25. Ra1 g6 26. Rd1 gxf5 27.
Rxd7+ Nxd7 28. Qxd7+ Be7 29. Qe6+ Kf8 30. Kh1 Qd6 0-1

[Event "Lloyds Bank Masters 08th"]
[Site "London, Park Lane Hotel"]
[Date "1984.08.29"]
[Round "8"]
[White "Miles, Anthony John"]
[Black "Thomas, Ian L"]
[Result "1-0"]
[WhiteElo "2565"]
[BlackElo "2115"]
[PlyCount "57"]
[EventDate "1984.08.22"]
[EventType "swiss"]
[EventRounds "9"]
[EventCountry "ENG"]
[SourceTitle "BritBase"]
[Source "John Saunders"]
[SourceDate "2020.09.07"]
[SourceVersion "1"]
[SourceVersionDate "2020.09.07"]
[SourceQuality "2"]

1. d4 b5 2. e4 Bb7 3. Bd3 e6 4. Nf3 c5 5. c3 a6 6. O-O Nf6 7. Re1 d6 8. Nbd2
Be7 9. a4 c4 10. Bb1 Nbd7 11. b3 cxb3 12. Qxb3 Bc6 13. axb5 axb5 14. Rxa8 Qxa8
15. Ba3 Ng8 16. d5 exd5 17. Nd4 Kf8 18. Nxc6 Qxc6 19. exd5 Qb6 20. c4 Ngf6 21.
cxb5 Qa5 22. Bb4 Qa8 23. Nc4 Qxd5 24. Ba2 Ne5 25. b6 g6 26. b7 Nc6 27. Rxe7
Kxe7 ({Not} 27... Nxe7 28. Bxd6 Qe6 29. Qh3 {1-0 as given in Big Database 2020}
) 28. Bxd6+ Ke6 29. Qh3+ {Correction submitted by Andy Ansel, 19 June 2021} 1-0

[Event "Lloyds Bank Masters 08th"]
[Site "London, Park Lane Hotel"]
[Date "1984.08.29"]
[Round "8"]
[White "Murshed, Niaz"]
[Black "Ravikumar, Vaidyanathan"]
[Result "1-0"]
[WhiteElo "2405"]
[BlackElo "2385"]
[PlyCount "93"]
[EventDate "1984.08.22"]
[EventType "swiss"]
[EventRounds "9"]
[EventCountry "ENG"]
[SourceTitle "BritBase"]
[Source "John Saunders"]
[SourceDate "2021.06.18"]
[SourceVersion "1"]
[SourceVersionDate "2021.06.18"]
[SourceQuality "2"]

1. d4 Nf6 2. Nf3 g6 3. Nc3 Bg7 4. e4 d6 5. Be2 O-O 6. O-O c6 7. Re1 Qc7 8. e5
dxe5 9. Nxe5 Nbd7 10. Bf4 Nxe5 11. dxe5 Nd5 12. Nxd5 cxd5 13. Bf3 e6 14. c3 Re8
15. h4 b6 16. Qd2 Bb7 17. h5 Rac8 18. Re3 Qe7 19. Rd3 Qf8 20. Re1 Rc4 21. b3
Rc7 22. Bg4 b5 23. Rh3 a5 24. a4 bxa4 25. bxa4 Bc8 26. Bd1 Bd7 27. Ree3 Rec8
28. Ref3 Be8 29. Rfg3 Qc5 30. Kh2 Rb8 31. Rg4 Rcb7 32. Bg3 Rb2 33. Qf4 Qxc3 34.
hxg6 fxg6 35. Qg5 R2b7 36. Rgh4 Bh8 37. Bg4 Qc8 38. Rh6 Rg7 39. Qf6 Bf7 40. Qh4
Qd8 41. Rxh7 Qxh4 42. R7xh4 Kf8 43. Rxh8+ Rg8 44. Rxg8+ Kxg8 45. Bh4 g5 46.
Bxg5 Rb4 47. Bf6 1-0